Statistics for Кандидаты на выборах президента России

Click here to take the quiz!

General Stats

  • This quiz has been taken 107 times
  • The average score is 23 of 54

Answer Stats

ВыборыAnswer% Correct
14 марта 2004 годаВладимир Путин
99%
15 - 17 марта 2024 годаВладимир Путин
99%
26 марта 2000 годаВладимир Путин
99%
4 марта 2012 годаВладимир Путин
99%
18 марта 2018 годаВладимир Путин
99%
12 июля 1991 годаБорис Ельцин
87%
16 июня - 3 июля 1996 годаБорис Ельцин
87%
2 марта 2008 годаДмитрий Медведев
86%
12 июля 1991 годаВладимир Жириновский
84%
2 марта 2008 годаВладимир Жириновский
84%
18 марта 2018 годаВладимир Жириновский
84%
16 июня - 3 июля 1996 годаВладимир Жириновский
84%
26 марта 2000 годаВладимир Жириновский
84%
4 марта 2012 годаВладимир Жириновский
84%
15 - 17 марта 2024 годаНиколай Харитонов
69%
14 марта 2004 годаНиколай Харитонов
69%
15 - 17 марта 2024 годаВладислав Даванков
69%
15 - 17 марта 2024 годаЛеонид Слуцкий
67%
18 марта 2018 годаКсения Собчак
63%
4 марта 2012 годаГеннадий Зюганов
59%
16 июня - 3 июля 1996 годаГеннадий Зюганов
59%
26 марта 2000 годаГеннадий Зюганов
59%
2 марта 2008 годаГеннадий Зюганов
59%
18 марта 2018 годаГригорий Явлинский
40%
26 марта 2000 годаГригорий Явлинский
40%
16 июня - 3 июля 1996 годаГригорий Явлинский
40%
18 марта 2018 годаПавел Грудинин
34%
4 марта 2012 годаСергей Миронов
28%
14 марта 2004 годаСергей Миронов
28%
16 июня - 3 июля 1996 годаМихаил Горбачёв
24%
18 марта 2018 годаСергей Бабурин
22%
4 марта 2012 годаМихаил Прохоров
21%
14 марта 2004 годаИрина Хакамада
21%
26 марта 2000 годаКонстантин Титов
20%
18 марта 2018 годаБорис Титов
20%
16 июня - 3 июля 1996 годаАлександр Лебедь
20%
18 марта 2018 годаМаксим Сурайкин
17%
26 марта 2000 годаЭлла Памфилова
13%
26 марта 2000 годаАман Тулеев
10%
12 июля 1991 годаАман Тулеев
10%
14 марта 2004 годаОлег Малышкин
9%
14 марта 2004 годаСергей Глазьев
8%
2 марта 2008 годаАндрей Богданов
8%
12 июля 1991 годаНиколай Рыжков
8%
16 июня - 3 июля 1996 годаВладимир Брынцалов
7%
16 июня - 3 июля 1996 годаСвятослав Фёдоров
6%
26 марта 2000 годаЮрий Скуратов
5%
26 марта 2000 годаСтанислав Говорухин
5%
12 июля 1991 годаАльберт Макашов
5%
26 марта 2000 годаАлексей Подберёзкин
3%
26 марта 2000 годаУмар Джабраилов
3%
16 июня - 3 июля 1996 годаМартин Шаккум
3%
16 июня - 3 июля 1996 годаЮрий Власов
3%
12 июля 1991 годаВадим Бакатин
3%

Score Distribution

Percentile by Number Answered

Percent of People with Each Score

Your Score History

You have not taken this quiz